skbl

Dr Suryya Kumar Bhuyan Library Web-OPAC
ডঃ সূৰ্য্য
কুমাৰ ভূঞা পুথিভঁৰাল ৱেব-অ'পেক

All Research Scholars are advised to clear the annual library fees to continue using Library Resources, Remote Access, Plagiarism Test and Library Clearance.

Cotton University Book Fair 2026

Asutosh Mukhopadhyaya Rachanavali : (Record no. 56481)

MARC details
000 -LEADER
fixed length control field 00626nam a2200205Ia 4500
001 - CONTROL NUMBER
control field 56559
008 - FIXED-LENGTH DATA ELEMENTS--GENERAL INFORMATION
fixed length control field 130521n2007 ii |||gr||||Z||||||346
020 ## - INTERNATIONAL STANDARD BOOK NUMBER
International Standard Book Number 81-7293-333-9
082 ## - DEWEY DECIMAL CLASSIFICATION NUMBER
Classification number 891.4409
245 #0 - TITLE STATEMENT
Title Asutosh Mukhopadhyaya Rachanavali :
Remainder of title VOL- V1 /
Statement of responsibility, etc. Asutosh Mukhopadhyaya .
Medium Textual Documents
250 ## - EDITION STATEMENT
Edition statement Ist ed.
260 ## - PUBLICATION, DISTRIBUTION, ETC.
Place of publication, distribution, etc. Calcutta
Name of publisher, distributor, etc. Mitra & Ghosh publishers
Date of publication, distribution, etc. 2007
300 ## - PHYSICAL DESCRIPTION
Extent 315pg:
Dimensions 19cm.
653 ## - INDEX TERM--UNCONTROLLED
Uncontrolled term Bengali literature
653 ## - INDEX TERM--UNCONTROLLED
Uncontrolled term Bengali - Rachanavali
653 ## - INDEX TERM--UNCONTROLLED
Uncontrolled term Rachanavali - Asutosh Mukhopadhyaya
653 ## - INDEX TERM--UNCONTROLLED
Uncontrolled term Ref- Bengali
700 ## - ADDED ENTRY--PERSONAL NAME
Personal name Mukhopadhyaya, .Asutosh,
Relator term Author.,
942 ## - ADDED ENTRY ELEMENTS (KOHA)
Source of classification or shelving scheme Dewey Decimal Classification
Koha item type Books
Holdings
Withdrawn status Lost status Damaged status Not for loan Collection Home library Current library Shelving location Date acquired Source of acquisition Coded location qualifier Cost, normal purchase price Total checkouts Full call number Barcode Date last seen Copy number Price effective from Koha item type Public note
          Dr. Suryya Kumar Bhuyan Library Dr. Suryya Kumar Bhuyan Library   21/05/2013 BE 00000 150.00   891.4409 Mu 896 As 3055/Beng 14/01/2024 1 21/05/2013 Books BE

Designed and Maintained by Team SKBL
©1901-2026

Powered by Koha